| 000 | 00345cam a22001097a 4500 | ||
|---|---|---|---|
| 008 | 180718b1963 xxu||||| |||| 00| 0 eng d | ||
| 082 | _aY15x5451 In2 | ||
| 100 | _aRao, B. Sarveswara | ||
| 245 |
_aEconomic and social effects of zamindari abolition in Andhra _cby B. Sarveswara Rao |
||
| 260 |
_aDelhi _bGovt. of India Press _c1963 |
||
| 300 | _a100+p. | ||
| 999 |
_c499142 _d499142 |
||